NASCAR Hall of Fame Members - Statistics

General Stats
  • This quiz has been taken 779 times
    193 since last reset
  • The average score is 31 of 70
Answer Stats
Year Answer % Correct
2021 Dale Earnhardt, Jr.
96%
Dale Earnhardt
94%
2024 Jimmie Johnson
91%
Richard Petty
90%
Lee Petty
89%
Junior Johnson
88%
Jeff Gordon
87%
Maurice Petty
86%
Kurt Busch
81%
2012 Cale Yarborough
75%
Darrell Waltrip
74%
Bobby Allison
73%
2023 Matt Kenseth
72%
2019 Davey Allison
71%
2020 Tony Stewart
71%
Donnie Allison
70%
Terry Labonte
70%
Bobby Labonte
68%
2011 David Pearson
67%
Mark Martin
67%
Rusty Wallace
66%
Carl Edwards
64%
Dale Jarrett
58%
Ned Jarrett
57%
Alan Kulwicki
55%
Rick Hendrick
55%
2015 Bill Elliott
54%
Ray Hendrick
52%
2014 Tim Flock
52%
2018 Red Byron
50%
2013 Buck Baker
47%
Joe Gibbs
47%
Buddy Baker
46%
Benny Parsons
44%
Herb Thomas
44%
2017 Richard Childress
42%
2025 Ricky Rudd
41%
Roger Penske
41%
Fireball Roberts
40%
Bobby Isaac
39%
Rex White
39%
Bill France, Jr.
38%
2010 Bill France, Sr.
38%
Joe Weatherly
36%
2026 Harry Gant
35%
Glen Wood
30%
Jack Roush
30%
Leonard Wood
30%
O. Bruton Smith
27%
Chad Knaus
25%
Fred Lorenzen
24%
Ron Hornaday, Jr.
22%
Curtis Turner
18%
Dale Inman
18%
Ray Evernham
17%
Wendell Scott
17%
Robert Yates
16%
Red Farmer
15%
Cotton Owens
13%
Jack Ingram
11%
Bud Moore
9%
Ken Squier
9%
Ralph Moody
9%
Raymond Parks
8%
Richie Evans
8%
Hershel McGriff
7%
Kirk Shelmerdine
7%
Waddell Wilson
7%
2016 Jerry Cook
6%
Mike Stefanik
6%
No matching quizzes found
Score Distribution
Percent of People with Each Score
Percentile by Number Answered
Your Score History
You have not taken this quiz since the last reset